000
00302nam a22001337a 4500
008
171107b xxu||||| |||| 00| 0 eng d
020
_a
9780072319415
041
_a
eng
080
_a
330.322
100
_a
63
101
_a
INV
245
_a
FUNDAMENTAL OF INVESTMENTS
_c
CORRADO,CH,J
942
_2
udc
_c
BK
999
_c
38131
_d
38131